Top 20 Richest Countries - Statistics

General Stats
  • This quiz has been taken 122 times
  • The average score is 18 of 20
Answer Stats
$ Answer % Correct
21.4T United States
100%
14.1T China
97%
3.9T Germany
97%
2.7T United Kingdom
97%
2.7T France
95%
5.2T Japan
95%
1.7T Canada
93%
2T Italy
93%
1.4T Spain
93%
1.6T Russia
92%
1.4T Australia
89%
1.9T Brazil
89%
2.9T India
88%
1.6T South Korea
87%
1.3T Mexico
83%
900B Netherlands
76%
780B Saudi Arabia
75%
720B Switzerland
72%
740B Turkey
72%
1.1T Indonesia
69%
No matching quizzes found
Score Distribution
Percent of People with Each Score
Percentile by Number Answered
Your Score History
You have not taken this quiz